00841nam a22002177a 450000500170000001000150001702000270003203500140005903700090007308200130008210000260009524500550012126000260017627000830020230000190028550001190030470000260042394200320044999900190048195201230050020250401151520.0 aENG-144325 a9789394935280c300.00p aEN-127857 bDBAD a954.0841 aRay Asok Kumar980050 aThe Wheels Of Revolotion/cAsok Kumar RayhENGLISH aKolkatabMitramc2024 a37A, College StreetbKolkatae700073k9830305810,9038296630mpmitram@gmail.com a228pc22cm(Hb) aMukti Sangha, Sri Sangha & Bengal Volunteers Revolutionary Extremism and White Life Forfeiture In Bengal 1905-1939 aAsok Kumar Ray980038 adplcEN2ddch954.0841mRAY c210604d210604 00104071aDBADbDBADd2025-04-01g300.00l0o954.0841 RAYpEN-127857r2025-04-01 00:00:00t1v300.00w2025-04-01yEN